000 00346nam a2200157Ia 4500
003 OSt
005 20240312114524.0
008 170523s9999 xx 000 0 und d
020 _anil
040 _ciimtu meerut
100 _aSAWHNEY- SC
245 0 _aPRODCTIVITY MANAGEMENT
260 _bTATA MC GRAW HILL
260 _c1991
942 _2ddc
_c02
999 _c1520
_d1520